=LDR 00000nam 2200000 4500 =001 INLIS000000000045262 =005 20251104114235 =035 ##$$a 0010-011500000000088 =008 251104###########################0#ind## =082 ##$$a 372.35 =090 ##$$a 372.35 $b and b =100 ##$$a Andy santoso =245 1#$$a bermain dengan sains 1 /$c Andy Santoso =260 ##$$a surabaya :$b insan cendekia,$c 2008 =300 ##$$a 52 hlm : $b ilus ; $c 28 cm =850 ##$$a NBPMAT =020 ##$$a 979-9417724 =084 ##$$a 372.35 AND b =990 ##$$a 0001/BPAP-NTB/20142015 =990 ##$$a 0001/BPAP-NTB/20142015 =990 ##$$a 0001/BPAP-NTB/2016 =990 ##$$a 21602082/BPAP-NTB/2017 =990 ##$$a 3121031210